Охрана труда на малом предприятии; Прогрессивные технологии и экономика в машиностроении

Bibliografiset tiedot
Parent link:Прогрессивные технологии и экономика в машиностроении.— 2019.— [С. 103-105]
Päätekijä: Носкова С. Р.
Yhteisötekijä: Национальный исследовательский Томский политехнический университет (ТПУ) Юргинский технологический институт (филиал) (ЮТИ) Отделение техносферной безопасности (ОТБ)
Muut tekijät: Акулова Е. А. (научный руководитель), Мальчик А. Г. Александра Геннадьевна
Yhteenveto:Заглавие с экрана
Статья посвящена изучению особенностей охраны труда на малом предприятии. Проанализированы законодательные акты, регулирующие соблюдение безопасных условий труда. Рассмотрены нововведения законодательства по охране труда за 2018 год. Также рассмотрено осуществление государственного контроля охраны труда на малом предприятии.
Kieli:venäjä
Julkaistu: 2019
Sarja:Экология, безопасность и охрана труда на предприятии
Aiheet:
Linkit:http://earchive.tpu.ru/handle/11683/53078
Aineistotyyppi: Elektroninen Kirjan osa
KOHA link:https://koha.lib.tpu.ru/cgi-bin/koha/opac-detail.pl?biblionumber=629276

MARC

LEADER 00000naa2a2200000 4500
001 629276
005 20240117142655.0
035 |a (RuTPU)RU\TPU\conf\29789 
035 |a RU\TPU\conf\29788 
090 |a 629276 
100 |a 20190417d2019 k y0rusy50 ca 
101 0 |a rus 
102 |a RU 
105 |a y z 101zy 
135 |a drgn ---uucaa 
181 0 |a i  
182 0 |a b 
200 1 |a Охрана труда на малом предприятии  |f С. Р. Носкова, Е. А. Акулова  |g науч. рук. А. Г. Мальчик 
203 |a Текст  |c электронный 
225 1 |a Экология, безопасность и охрана труда на предприятии 
300 |a Заглавие с экрана 
320 |a [Библиогр.: с. 105 (3 назв.)] 
330 |a Статья посвящена изучению особенностей охраны труда на малом предприятии. Проанализированы законодательные акты, регулирующие соблюдение безопасных условий труда. Рассмотрены нововведения законодательства по охране труда за 2018 год. Также рассмотрено осуществление государственного контроля охраны труда на малом предприятии. 
463 0 |0 (RuTPU)RU\TPU\conf\29747  |t Прогрессивные технологии и экономика в машиностроении  |o сборник трудов X Всероссийской научно-практической конференции для студентов и учащейся молодежи, 4-6 апреля 2019 г., Юрга  |f Национальный исследовательский Томский политехнический университет (ТПУ), Юргинский технологический институт (ЮТИ) ; под ред. Е. А. Зернина  |v [С. 103-105]  |d 2019 
610 1 |a электронный ресурс 
610 1 |a труды учёных ТПУ 
610 1 |a охрана труда 
610 1 |a малые предприятия 
610 1 |a безопасные условия труда 
610 1 |a индивидуальное предпринимательство 
610 1 |a трудовой кодекс 
610 1 |a государственный контроль 
700 1 |a Носкова  |b С. Р. 
701 1 |a Акулова  |b Е. А. 
702 1 |a Мальчик  |b А. Г.  |c специалист в области экологии и безопасности жизнедеятельности  |c доцент Юргинского технологического института Томского политехнического университета, кандидат технических наук  |f 1970-  |g Александра Геннадьевна  |4 727 
712 0 2 |a Национальный исследовательский Томский политехнический университет (ТПУ)  |b Юргинский технологический институт (филиал) (ЮТИ)  |b Отделение техносферной безопасности (ОТБ)  |3 (RuTPU)RU\TPU\col\24897 
801 2 |a RU  |b 63413507  |c 20190419  |g RCR 
856 4 |u http://earchive.tpu.ru/handle/11683/53078 
942 |c BK